| 000 -CABECERA |
| Longitud fija campo de control |
00777nam a2200205 a 4500 |
| 001 - NÚMERO DE CONTROL |
| Número de control |
4570 |
| 003 - IDENTIFICADOR DEL NÚMERO DE CONTROL |
| Identificador del número de control |
CDMR |
| 005 - FECHA Y HORA DE LA ÚLTIMA TRANSACCIÓN |
| Fecha y hora de la última transacción |
20151016134802.0 |
| 008 - CÓDIGOS DE INFORMACIÓN DE LONGITUD FIJA |
| Códigos de información de longitud fija |
130130s1993||||||||||||||||||||||||||||d |
| 040 ## - FUENTE DE LA CATALOGACIÓN |
| Centro catalogador de origen |
CDMR |
| Lengua de catalogación |
cat |
| Centro transcriptor |
CDMR |
| 245 #0 - MENCIÓN DE TÍTULO |
| Título |
Foro de periodistas latinoamericanos y del Caribe sobre derechos humanos |
| Resto del título |
: 16 y 17 de enero, 1993 |
| 260 ## - PUBLICACIÓN, DISTRIBUCIÓN, ETC. (PIE DE IMPRENTA) |
| Lugar de publicación, distribución, etc. |
San José (Costa Rica) |
| Fecha de publicación, distribución, etc. |
1993 |
| Nombre del editor, distribuidor, etc. |
Sindicato Nacional de Periodistas de Costa Rica |
| 300 ## - DESCRIPCIÓN FÍSICA |
| Extensión |
100 p ; |
| Dimensiones |
27 cm |
| 650 04 - PUNTO DE ACCESO ADICIONAL DE MATERIA - TÉRMINO DE MATERIA |
| 9 (RLIN) |
3445 |
| Término de materia o nombre geográfico como elemento inicial |
Periodisme |
| Subdivisión de materia general |
Congressos |
| 650 04 - PUNTO DE ACCESO ADICIONAL DE MATERIA - TÉRMINO DE MATERIA |
| 9 (RLIN) |
3195 |
| Término de materia o nombre geográfico como elemento inicial |
Drets humans |
| Subdivisión geográfica |
Amèrica Llatina |
| 650 04 - PUNTO DE ACCESO ADICIONAL DE MATERIA - TÉRMINO DE MATERIA |
| 9 (RLIN) |
216 |
| Término de materia o nombre geográfico como elemento inicial |
Associacions de professionals i tècnics |
| Subdivisión geográfica |
Amèrica Llatina |
| 710 2# - PUNTO DE ACCESO ADICIONAL - NOMBRE DE ENTIDAD |
| 9 (RLIN) |
4294 |
| Nombre de entidad o nombre de jurisdicción como elemento inicial |
Sindicato Nacional de Periodistas (Costa Rica) |
| 710 2# - PUNTO DE ACCESO ADICIONAL - NOMBRE DE ENTIDAD |
| 9 (RLIN) |
2308 |
| Nombre de entidad o nombre de jurisdicción como elemento inicial |
International Organisation of Journalists |
| 942 ## - ENTRADA DE ELEMENTOS AGREGADOS (KOHA) |
| Koha [por defecto] tipo de item |
Monografies |
| Fuente de clasificaión o esquema |
|